Catalog

Record Details

Catalog Search



Karen's haircut / a graphic novel by Katy Farina ; ... Read More

Martin, Ann M.(Author).
Farina, Katy,(author,, artist.). Lamb, Braden,(colorist.). ... Read More

Available copies

  • 2 of 5 copies available at LARL/NWRL Consortium.
  • 1 of 3 copies available at Lake Agassiz Regional Library. (Show preferred library)

Current holds

0 current holds with 5 total copies.

Show Only Available Copies
Location Call Number / Copy Notes Barcode Shelving Location Status Due Date
Breckenridge Public Library J G MAR (Text) 33500013846381 Main Available -
Hawley Public Library J G MAR (Text) 33500013838339 Main Checked out 06/04/2026
Moorhead Public Library J G MAR (Text) 33500013838321 Main Checked out 06/06/2026
Godel Memorial-Warren Library j G MAR (Text) 35500006850703 Main Checked out 05/29/2026
Karlstad LINK Site j MAR (Text) 35500006691099 Main Available -

Record details

  • ISBN: 9781338762648
  • ISBN: 1338762648
  • ISBN: 9781338762624
  • ISBN: 1338762621
  • ISBN: 9781518286940
  • ISBN: 1518286941
  • Physical Description: 137 pages : chiefly color illustrations ; 24 cm.
  • Edition: First edition.
  • Publisher: New York, NY : Graphix, an imprint of Scholastic, 2023.

Content descriptions

General Note:
Title from spine.
Chiefly illustrations.
"Based on the novel by Ann M. Martin"--Cover.
Summary, etc.:
Deciding a new haircut will give her the boost she ... Read More
Subject: Karen (Fictitious character from Martin) > Comic books, strips, etc. > Juvenile fiction.
Hair > Comic books, strips, etc. > Juvenile fiction.
Haircutting > Comic books, strips, etc. > Juvenile fiction.
Self-confidence > Comic books, strips, etc. > Juvenile fiction.
Self-perception > Comic books, strips, etc. > Juvenile fiction.
Physical-appearance-based bias > Comic books, strips, etc. > Juvenile fiction.
Graphic novels > United States.
Karen (Fictitious character from Martin) > Fiction.
Hair > Fiction.
Haircutting > Fiction.
Self-confidence > Fiction.
Self-perception > Fiction.
Prejudices > Fiction.
Cartoons and comics.
Genre: Graphic novels.
Graphic novels.
Graphic novel adaptations.
School comics.
Psychological comics.
LDR 03812cam a2200865Ii 4500
001416402
003LARL_NWRL_CONSORTIUM
00520230719223028.0
008230621t20232023nyua b 6 000 0 eng d
010 . ‡a 2022939618
040 . ‡aJQY ‡beng ‡erda ‡cJQY ‡dJQY ‡dOCO ‡dJBI ‡dWIM ‡dSDG ‡dWIQ ‡dJAS ‡dRNL ‡dFHP ‡dJQW ‡dOCLCF ‡dCNCAR
020 . ‡a9781338762648 ‡q(hardcover)
020 . ‡a1338762648 ‡q(hardcover)
020 . ‡a9781338762624 ‡q(paperback)
020 . ‡a1338762621 ‡q(paperback)
020 . ‡a9781518286940 ‡q(Follett bdg.)
020 . ‡a1518286941 ‡q(Follett bdg.)
035 . ‡a(OCoLC)1384499115
043 . ‡an-us---
08204. ‡a741.5/973 ‡223/eng/20230615
1001 . ‡aMartin, Ann M.
24510. ‡aKaren's haircut / ‡ca graphic novel by Katy Farina ; with color by Braden Lamb.
2461 . ‡iAt head of title: ‡aAnn M. Martin
250 . ‡aFirst edition.
264 1. ‡aNew York, NY : ‡bGraphix, an imprint of Scholastic, ‡c2023.
264 4. ‡c©2023
300 . ‡a137 pages : ‡bchiefly color illustrations ; ‡c24 cm.
336 . ‡atext ‡btxt ‡2rdacontent
336 . ‡astill image ‡bsti ‡2rdacontent
337 . ‡aunmediated ‡bn ‡2rdamedia
338 . ‡avolume ‡bnc ‡2rdacarrier
4900 . ‡aBaby-sitters little sister graphic novel ; ‡v7
500 . ‡aTitle from spine.
500 . ‡aChiefly illustrations.
500 . ‡a"Based on the novel by Ann M. Martin"--Cover.
520 . ‡aDeciding a new haircut will give her the boost she needs, Karen is devastated when the hairstylist cuts her hair all wrong and wonders if she will ever get back to feeling like her usual confident self.
60000. ‡aKaren ‡c(Fictitious character from Martin) ‡vComic books, strips, etc. ‡vJuvenile fiction.
650 0. ‡aHair ‡vComic books, strips, etc. ‡vJuvenile fiction.
650 0. ‡aHaircutting ‡vComic books, strips, etc. ‡vJuvenile fiction.
650 0. ‡aSelf-confidence ‡vComic books, strips, etc. ‡vJuvenile fiction.
650 0. ‡aSelf-perception ‡vComic books, strips, etc. ‡vJuvenile fiction.
650 0. ‡aPhysical-appearance-based bias ‡vComic books, strips, etc. ‡vJuvenile fiction.
650 0. ‡aGraphic novels ‡zUnited States.
60001. ‡aKaren ‡c(Fictitious character from Martin) ‡vFiction.
650 1. ‡aHair ‡vFiction.
650 1. ‡aHaircutting ‡vFiction.
650 1. ‡aSelf-confidence ‡vFiction.
650 1. ‡aSelf-perception ‡vFiction. ‡0(LARL_NWRL_CONSORTIUM)167332
650 1. ‡aPrejudices ‡vFiction. ‡0(LARL_NWRL_CONSORTIUM)166648
650 1. ‡aCartoons and comics. ‡0(LARL_NWRL_CONSORTIUM)175912
655 0. ‡aGraphic novels.
655 7. ‡aGraphic novels. ‡2lcgft
655 7. ‡aGraphic novel adaptations. ‡2lcgft
655 7. ‡aSchool comics. ‡2lcgft
655 7. ‡aPsychological comics. ‡2lcgft
7001 . ‡aFarina, Katy, ‡eauthor, ‡eartist.
7001 . ‡aLamb, Braden, ‡ecolorist.
7001 . ‡iGraphic novelization of (work): ‡aMartin, Ann M., ‡d1955- ‡tKaren's haircut.
901 . ‡a416402 ‡bOCoLC ‡c416402 ‡tbiblio ‡soclc

Additional Resources